Géographie de la nudité : être nu quelque part /

Análisis de la desnudez en culturas y tiempos diversos, poniendo de manifiesto la relación que en las sociedades se establece entre el cuerpo y el espacio y la manera cómo el cuerpo es un "pretexto" para imponer normas y costumbres.

Guardado en:
Bibliografiske detaljer
Hovedforfatter: Barthe-Deloizy, Francine (autor)
Andre forfattere: Staszak, Jean-François (prólogo) (prólogo)
Format: Bog
Sprog:fransk
Udgivet: París, Francia : Bréal, 2003, c2003
Serier:(D'Autre Part)
Fag:
Tags: Tilføj Tag
Ingen Tags, Vær først til at tagge denne postø!

MARC

LEADER 00000nam^a2200000^a^4500
001 000182855
005 20250521000000.0
009 20260310102020.898
020 |a 2-8429-1975-0 
037 |a Acervo ITESO - Biblioteca 
041 |a FRA 
082 |a 746. 92041  |b BAR 
100 |a Barthe-Deloizy, Francine  |e (autor) 
245 1 0 |a Géographie de la nudité :  |b être nu quelque part /  |c F. Brathe-Deloizy ; pról. de J.F. Staszak. 
264 4 |a París, Francia :  |b Bréal,  |c 2003, c2003 
336 |a texto  |b txt  |2 rdacontenido 
337 |a sin mediación  |b n  |2 rdamedio 
338 |a volumen  |b nc  |2 rdasoporte 
440 1 |a (D'Autre Part) 
520 |a Análisis de la desnudez en culturas y tiempos diversos, poniendo de manifiesto la relación que en las sociedades se establece entre el cuerpo y el espacio y la manera cómo el cuerpo es un "pretexto" para imponer normas y costumbres. 
649 |a XX 
650 |a Desnudo -  |x Tema Principal 
650 |a Desnudo -  |x Aspectos Sociales y Culturales 
650 |a Desnudo en el Arte 
650 |a Cuerpo Humano -  |x Aspectos Sociales y Culturales 
650 |a Cuerpo Humano en el Arte 
650 |a Prácticas Culturales 
650 |a Espacio Personal 
650 |a Espacios Sociales 
650 |a Vida Privada 
650 |a Vida Pública 
650 |a Publicidad 
650 |a Semiótica 
650 |a Antropología Cultural 
700 |a Staszak, Jean-François  |e (prólogo) 
910 |a Fondo General 
920 |a Impresos - Libros 
930 |a Reserva Especial 
905 |a 103 
901 |a 0500122548  |b IT1  |c REE  |u 20250521 
902 |a https://opac.biblio.iteso.mx/vufind/Record/000182855